000 00509nam a2200169Ia 4500
005 20250508163323.0
008 008 250505s9999 xx 000 0 eng d
037 _aBooks to be hide in OPAC
040 _aFEDL
_beng
_cFEDL
041 _aeng
_2eng
084 _a370.954, IND/O
_qFEDL
245 0 _aEducation in India Vol. 1. 1980-81
245 0 _cIndia, Government of. Ministry of Human Resource Development
300 _a296p.
942 _cHB
_h370.954, IND/O
999 _c1382300
_d1382300